|
|
|
|
| LEADER |
00000nab a2200000uu 4500 |
| 001 |
vtls011540512 |
| 003 |
SK-MaSNL |
| 005 |
20260304000212.0 |
| 008 |
230218|2000 xo |||||||||||||||||slo| |
| 015 |
|
|
|a SNBRB
|
| 035 |
|
|
|a (urnnbn)urn:nbn:sk:snk:ar-a09rbm
|
| 035 |
|
|
|a (uuid)f5c6540c-085e-4687-9af2-0a96409fc3cd
|
| 035 |
|
|
|a urn:nbn:sk:snk-abeyqd
|
| 040 |
|
|
|a SNKBUCL
|b slo
|c SNKBUCL
|e AACR2
|
| 041 |
0 |
|
|a slo
|
| 044 |
|
|
|a xo
|c SK
|
| 100 |
1 |
|
|a Buchová, B.
|4 aut
|9 787866
|
| 245 |
1 |
0 |
|a ZLEPŠOVANIE VYBRANÝCH UKAZOVATEĽOV ÚŽITKOVOSTI OŠÍPANÝCH BIELEHO MÄSOVÉHO PLEMENA
|c B. Buchová, J. Poltársky, L. Hetényi, P. Gráčik
|
| 246 |
3 |
|
|a IMPROVEMENT OF CHOSEN PERFORMANCE TRAITS OF WHITE MEATY BREED
|
| 700 |
1 |
|
|a Poltársky, J.
|4 aut
|9 772873
|
| 700 |
1 |
|
|a Hetényi, Ladislav,
|d 1951-
|4 aut
|9 23168
|
| 700 |
1 |
|
|a Gráčik, P.
|4 aut
|9 772934
|
| 773 |
0 |
|
|t Journal of farm animal science : vedecké práce Výskumného ústavu živočíšnej výroby v Nitre
|g Roč. 33, č. 33 (2000), s. 113-119
|
| 954 |
|
|
|a odborná, vedecká literatúra pôvodná (slovenská)
|2 lita
|
| 958 |
|
|
|a OND
|
| 958 |
|
|
|a EUIPO
|
| 958 |
|
|
|a article22
|
| 999 |
|
|
|c 2530121
|d 2532051
|